[Event "Willowdale CC ch"]
[Site "Toronto CAN"]
[Date "2012.02.28"]
[Round "4"]
[White "Ivanov, Mike"]
[Black "Barron, Michael"]
[Result "1/2-1/2"]
[WhiteElo "2196"]
[BlackElo "2262"]
[PlyCount "122"]
[GameId "2160767909572661"]
[EventDate "2012.02.07"]
[EventType "tourn"]
[EventRounds "5"]
[EventCountry "CAN"]
[SourceTitle "EXT 2022"]
[Source "ChessBase"]
[SourceDate "2021.10.06"]
[SourceVersion "1"]
[SourceVersionDate "2021.10.06"]
[SourceQuality "1"]

1. Nc3 f5 2. e4 fxe4 3. d3 exd3 4. Bxd3 Nf6 5. g4 g6 6. g5 Nh5 7. Nge2 e5 8. Ng3 Nf4 9. Bxf4 exf4 10. Qe2+ Qe7 11. Nge4 Kd8 12. O-O-O Bg7 13. Qd2 Rf8 14. Rhe1 Qf7 15. b3 f3 16. Bc4 Qf4 17. Re3 Nc6 18. Nd5 Qxh2 19. Ng3 Be5 20. Rh1 Qg2 21. Rxe5 Nxe5 22. Bf1 Qxh1 23. Nxh1 d6 24. Qc3 Rf7 25. Ng3 Be6 26. Ne3 Rf4 27. Nc4 Bxc4 28. Bxc4 Kd7 29. Bd3 Re8 30. Ne4 Ng4 31. Qg7+ Re7 32. Nf6+ Rxf6 33. gxf6 Rxg7 34. fxg7 Nf6 35. Bc4 c6 36. g8=Q Nxg8 37. Bxg8 Ke7 38. Kd2 b5 39. Ke3 b4 40. Kxf3 Kf6 41. Bxh7 Kg7 42. Bxg6 Kxg6 43. Ke4 Kf6 44. c3 bxc3 45. Kd3 Ke5 46. Kxc3 Ke4 47. b4 Kf3 48. Kc4 Kxf2 49. b5 cxb5+ 50. Kxb5 Ke3 51. Kc6 Kd4 52. Kxd6 a5 53. a4 Kc4 54. Ke5 Kb4 55. Kd4 Kxa4 56. Kc4 Ka3 57. Kc3 Ka2 58. Kc2 a4 59. Kc1 Kb3 60. Kb1 a3 61. Ka1 a2 1/2-1/2

[Event "Willowdale CC ch"]
[Site "Toronto CAN"]
[Date "2012.02.28"]
[Round "4"]
[White "Zeromskis, Egidijus"]
[Black "Strugach, Alexander"]
[Result "1-0"]
[WhiteElo "2247"]
[BlackElo "1972"]
[PlyCount "87"]
[GameId "2160767909572662"]
[EventDate "2012.02.07"]
[EventType "tourn"]
[EventRounds "5"]
[EventCountry "CAN"]

1. c4 e5 2. Nc3 Nc6 3. g3 Nf6 4. Bg2 Bc5 5. e3 O-O 6. Nge2 d6 7. O-O Bg4 8. h3 Bh5 9. a3 a5 10. d3 h6 11. b3 Rb8 12. Qd2 Nh7 13. Kh2 f5 14. d4 exd4 15. exd4 Bb6 16. d5 Ne5 17. f4 Nd7 18. Nd4 Bxd4 19. Qxd4 Nc5 20. Rb1 Qf6 21. Be3 Qxd4 22. Bxd4 Nf6 23. b4 axb4 24. axb4 Na6 25. b5 Nc5 26. b6 cxb6 27. Rxb6 Ne8 28. Bxc5 dxc5 29. Rfb1 Rf7 30. Na4 Rc7 31. d6 Rd7 32. Nxc5 Rxd6 33. Rxd6 Nxd6 34. Nxb7 Bf7 35. c5 Ne4 36. Bxe4 fxe4 37. Rb6 Bd5 38. Nd6 Ra8 39. Rb2 e3 40. g4 Ra5 41. Rc2 e2 42. Rxe2 Rxc5 43. Nf5 Kf7 44. Rd2 1-0

[Event "Willowdale CC ch"]
[Site "Toronto CAN"]
[Date "2012.03.13"]
[Round "5"]
[White "Barron, Michael"]
[Black "Zeromskis, Egidijus"]
[Result "1/2-1/2"]
[WhiteElo "2262"]
[BlackElo "2247"]
[PlyCount "28"]
[GameId "2160767909572663"]
[EventDate "2012.02.07"]
[EventType "tourn"]
[EventRounds "5"]
[EventCountry "CAN"]
[SourceTitle "EXT 2022"]
[Source "ChessBase"]
[SourceDate "2021.10.06"]
[SourceVersion "1"]
[SourceVersionDate "2021.10.06"]
[SourceQuality "1"]

1. e4 c6 2. d4 d5 3. Nd2 dxe4 4. Nxe4 Nd7 5. Bc4 Ngf6 6. Ng5 e6 7. Ne2 Nb6 8. Bb3 c5 9. c3 h6 10. Nf3 Bd6 11. dxc5 Bxc5 12. Qxd8+ Kxd8 13. Bf4 Ke7 14. O-O Rd8 1/2-1/2

[Event "Willowdale CC ch"]
[Site "Toronto CAN"]
[Date "2012.03.13"]
[Round "5"]
[White "Strugach, Alexander"]
[Black "Chernik, Dmitry"]
[Result "0-1"]
[WhiteElo "1972"]
[BlackElo "2026"]
[PlyCount "88"]
[GameId "2160767909572664"]
[EventDate "2012.02.07"]
[EventType "tourn"]
[EventRounds "5"]
[EventCountry "CAN"]

1. e4 c5 2. Nf3 Nc6 3. Nc3 d6 4. d4 cxd4 5. Nxd4 Nf6 6. Bc4 g6 7. O-O Bg7 8. Nxc6 bxc6 9. Bg5 O-O 10. Qd2 Be6 11. Bb3 a5 12. Bh6 a4 13. Bxg7 Kxg7 14. Bxa4 Nxe4 15. Qd4+ Nf6 16. Bxc6 Rc8 17. Bd5 Bf5 18. Be4 e5 19. Qb4 Nxe4 20. Nxe4 Qh4 21. f3 Bxe4 22. Qxe4 Qxe4 23. fxe4 Rxc2 24. Rf2 Rfc8 25. Rxc2 Rxc2 26. Rb1 f5 27. exf5 gxf5 28. a4 Kf6 29. a5 Ke6 30. a6 Kd7 31. Ra1 Rc8 32. b4 Ra8 33. b5 Kc7 34. Kf2 Kb6 35. Rb1 d5 36. Ke3 d4+ 37. Kd3 Rc8 38. Re1 Rc3+ 39. Kd2 e4 40. Ra1 Rc7 41. Rb1 Re7 42. Ke2 f4 43. Kd2 Rg7 44. Ra1 Rxg2+ 0-1

[Event "Willowdale CC ch Reserve"]
[Site "Toronto CAN"]
[Date "2012.02.07"]
[Round "1"]
[White "Kornmann, Maxim"]
[Black "Kormendi, Fred"]
[Result "0-1"]
[WhiteElo "1686"]
[BlackElo "1543"]
[PlyCount "110"]
[GameId "2160767909572665"]
[EventDate "2012.02.07"]
[EventType "tourn"]
[EventRounds "6"]
[EventCountry "CAN"]

1. e4 Nc6 2. Nf3 e5 3. Bc4 Bc5 4. O-O d6 5. Nc3 Nf6 6. a3 Bg4 7. h3 Bh5 8. Be2 Nd4 9. Nxd4 exd4 10. Bxh5 dxc3 11. bxc3 Qe7 12. Bf3 O-O-O 13. Re1 h5 14. d3 Nd7 15. Rb1 g6 16. e5 Bb6 17. exd6 Qxd6 18. d4 Nb8 19. a4 c6 20. Be3 Bc7 21. g3 h4 22. Bf4 Qd7 23. Bxc7 Kxc7 24. g4 f5 25. Qd2 Qf7 26. Qg5 Nd7 27. Rb2 Nf6 28. Reb1 b6 29. Qf4+ Rd6 30. Rb4 Nd5 31. Bxd5 Qxd5 32. Re1 Kb7 33. Re7+ Ka6 34. Re5 Qa2 35. Re2 Re6 36. Qf3 Rxe2 37. Qxe2+ Kb7 38. Qe7+ Ka6 39. Qd7 Qa1+ 40. Kg2 Qxc3 41. Rb3 Qxc2 42. Re3 fxg4 43. Re7 gxh3+ 44. Kxh3 Qf5+ 45. Qxf5 gxf5 46. Re6 Ka5 47. Rxc6 Kxa4 48. Rc1 Rd8 49. Ra1+ Kb4 50. Rxa7 Rxd4 51. Rf7 f4 52. Kxh4 b5 53. Kg4 Kb3 54. Rxf4 Rxf4+ 55. Kxf4 b4 0-1

[Event "Willowdale CC ch Reserve"]
[Site "Toronto CAN"]
[Date "2012.02.07"]
[Round "1"]
[White "Stein, Mickey"]
[Black "Pishdad, Hassan"]
[Result "0-1"]
[WhiteElo "1957"]
[BlackElo "1338"]
[PlyCount "54"]
[GameId "2160767909572666"]
[EventDate "2012.02.07"]
[EventType "tourn"]
[EventRounds "6"]
[EventCountry "CAN"]
[SourceTitle "EXT 2022"]
[Source "ChessBase"]
[SourceDate "2021.10.06"]
[SourceVersion "1"]
[SourceVersionDate "2021.10.06"]
[SourceQuality "1"]

1. d4 Nf6 2. Nf3 e6 3. e3 d5 4. Bd3 c5 5. c3 c4 6. Bc2 Be7 7. Nbd2 O-O 8. Ne5 Nbd7 9. f4 Nxe5 10. fxe5 Nd7 11. O-O Bg5 12. Nf3 Bh6 13. e4 Bxc1 14. Qxc1 Nb6 15. Qe3 Bd7 16. Rf2 Bc6 17. Nd2 Nd7 18. Raf1 Qb6 19. exd5 Bxd5 20. Ne4 Nxe5 21. Qh3 Ng6 22. Ng5 h6 23. Rxf7 Rxf7 24. Nxf7 e5 25. Bxg6 Qxg6 26. Nxe5 Qc2 27. Ng6 Qxg6 0-1

[Event "Willowdale CC ch Reserve"]
[Site "Toronto CAN"]
[Date "2012.02.14"]
[Round "2"]
[White "Pishdad, Hassan"]
[Black "Kormendi, Fred"]
[Result "1/2-1/2"]
[WhiteElo "1338"]
[BlackElo "1543"]
[PlyCount "73"]
[GameId "2160767909572667"]
[EventDate "2012.02.07"]
[EventType "tourn"]
[EventRounds "6"]
[EventCountry "CAN"]
[SourceTitle "EXT 2022"]
[Source "ChessBase"]
[SourceDate "2021.10.06"]
[SourceVersion "1"]
[SourceVersionDate "2021.10.06"]
[SourceQuality "1"]

1. d4 g6 2. Nf3 Bg7 3. e4 d6 4. Be2 Nf6 5. Nc3 a6 6. O-O O-O 7. Be3 Nbd7 8. a3 b6 9. Qd2 Bb7 10. d5 Re8 11. Bd3 Nc5 12. Bxc5 bxc5 13. Rab1 e5 14. b4 Nd7 15. b5 Nb6 16. a4 a5 17. Rfe1 Bc8 18. h3 c4 19. Bf1 f5 20. Ra1 Rf8 21. Nb1 fxe4 22. Rxe4 Bxh3 23. gxh3 Rxf3 24. Bg2 Rf7 25. Qc3 Qf8 26. f3 Rf4 27. Nd2 Qf7 28. Nxc4 Nxc4 29. Qxc4 Qe7 30. Qc6 Rff8 31. Rd1 Bh6 32. Qc3 Bf4 33. Qe1 Qg5 34. c4 Qd8 35. Qf2 Qb8 36. Qa2 Qb6+ 37. Qf2 1/2-1/2

[Event "Willowdale CC ch Reserve"]
[Site "Toronto CAN"]
[Date "2012.02.14"]
[Round "2"]
[White "Stein, Mickey"]
[Black "Kornmann, Maxim"]
[Result "0-1"]
[WhiteElo "1957"]
[BlackElo "1686"]
[PlyCount "66"]
[GameId "2160767909572668"]
[EventDate "2012.02.07"]
[EventType "tourn"]
[EventRounds "6"]
[EventCountry "CAN"]

1. e4 e5 2. Nf3 d6 3. d4 Nf6 4. Nc3 Nbd7 5. Bc4 Be7 6. h3 O-O 7. Be3 c6 8. h4 h6 9. Qe2 Qc7 10. Bb3 b6 11. O-O Bb7 12. Rad1 exd4 13. Nxd4 Rfe8 14. Qd2 Bf8 15. f3 Rad8 16. Nf5 Ne5 17. Qf2 Ba6 18. Rfe1 Kh7 19. Rd2 g6 20. Ng3 Bc4 21. Red1 Bxb3 22. cxb3 Re6 23. Bd4 d5 24. exd5 Nxd5 25. f4 Nd7 26. Nxd5 cxd5 27. Kh1 Nf6 28. Be5 Qc5 29. Qf3 Bg7 30. Rxd5 Rxd5 31. Bxf6 Rxd1+ 32. Qxd1 Bxf6 33. Qb1 Qe3 0-1

[Event "Willowdale CC ch Reserve"]
[Site "Toronto CAN"]
[Date "2012.02.21"]
[Round "3"]
[White "Kormendi, Fred"]
[Black "Stein, Mickey"]
[Result "0-1"]
[WhiteElo "1543"]
[BlackElo "1957"]
[PlyCount "46"]
[GameId "2160767909572669"]
[EventDate "2012.02.07"]
[EventType "tourn"]
[EventRounds "6"]
[EventCountry "CAN"]
[SourceTitle "EXT 2022"]
[Source "ChessBase"]
[SourceDate "2021.10.06"]
[SourceVersion "1"]
[SourceVersionDate "2021.10.06"]
[SourceQuality "1"]

1. d4 Nf6 2. c4 g6 3. g3 Bg7 4. Bg2 d5 5. e3 O-O 6. Nc3 c6 7. Qb3 dxc4 8. Qxc4 Nbd7 9. Nf3 Nb6 10. Qe2 Nfd7 11. O-O e5 12. Rd1 Qe7 13. b3 e4 14. Nd2 f5 15. a4 Re8 16. Ba3 Qf7 17. h4 Nf6 18. Nc4 Nxc4 19. Qxc4 Be6 20. Qb4 b6 21. Qd6 Bf8 22. Qf4 Nh5 23. Qg5 h6 0-1

[Event "Willowdale CC ch Reserve"]
[Site "Toronto CAN"]
[Date "2012.02.21"]
[Round "3"]
[White "Kornmann, Maxim"]
[Black "Pishdad, Hassan"]
[Result "1-0"]
[WhiteElo "1686"]
[BlackElo "1338"]
[PlyCount "99"]
[GameId "2160767909572670"]
[EventDate "2012.02.07"]
[EventType "tourn"]
[EventRounds "6"]
[EventCountry "CAN"]

1. e4 c5 2. Nf3 Nc6 3. d3 d6 4. Be3 Qb6 5. Qc1 g6 6. Be2 Bg7 7. c3 Bd7 8. Nbd2 Be6 9. Ng5 Bd7 10. b4 Nxb4 11. cxb4 Bxa1 12. Qxa1 Nf6 13. bxc5 dxc5 14. O-O h6 15. Ngf3 Bb5 16. Nb3 Rc8 17. Rc1 O-O 18. Bxc5 Qd8 19. Rd1 b6 20. Bd4 Ba4 21. h3 Rc6 22. Be3 Kh7 23. Ne5 Rc8 24. Bf3 Nd7 25. Nxd7 Qxd7 26. e5 e6 27. d4 Bc6 28. Bxc6 Rxc6 29. Nd2 Rfc8 30. Ne4 Qe7 31. Qb1 Kg7 32. Nd6 Rf8 33. Qe4 Rc7 34. Qd3 Qd7 35. Qd2 Rh8 36. Ne4 Qd8 37. Nd6 Qa8 38. Nb5 Rd7 39. Qe2 Qb7 40. a4 Qc6 41. Nd6 Qd5 42. Rd2 Qa8 43. Qf3 Qd8 44. Rc2 Qe7 45. Rc8 Rdd8 46. Rc2 g5 47. Qg4 Rhg8 48. h4 Kh7 49. Qh5 f6 50. Nf7 1-0

[Event "Willowdale CC ch Reserve"]
[Site "Toronto CAN"]
[Date "2012.02.28"]
[Round "4"]
[White "Stein, Mickey"]
[Black "Kormendi, Fred"]
[Result "1-0"]
[WhiteElo "1957"]
[BlackElo "1543"]
[PlyCount "69"]
[GameId "2160767909572671"]
[EventDate "2012.02.07"]
[EventType "tourn"]
[EventRounds "6"]
[EventCountry "CAN"]
[SourceTitle "EXT 2022"]
[Source "ChessBase"]
[SourceDate "2021.10.06"]
[SourceVersion "1"]
[SourceVersionDate "2021.10.06"]
[SourceQuality "1"]

1. d4 d5 2. c4 e6 3. Nc3 Nf6 4. cxd5 Nxd5 5. e4 Nxc3 6. bxc3 b6 7. Bd3 Bb7 8. Ne2 Be7 9. O-O O-O 10. Ng3 Nd7 11. Be3 c5 12. f4 cxd4 13. cxd4 Rc8 14. Qe2 Nb8 15. Rad1 Qd7 16. f5 exf5 17. Nxf5 Rfe8 18. Nxe7+ Rxe7 19. e5 Nc6 20. Bf5 Qd5 21. Bxc8 Bxc8 22. Qf3 Be6 23. Qxd5 Bxd5 24. a3 Na5 25. Rc1 Nc4 26. Rc3 b5 27. a4 b4 28. Rxc4 Bxc4 29. Rc1 Rc7 30. d5 a5 31. d6 Rc8 32. Rxc4 Rxc4 33. d7 h6 34. d8=Q+ Kh7 35. Qd3+ 1-0

[Event "Willowdale CC ch Reserve"]
[Site "Toronto CAN"]
[Date "2012.03.20"]
[Round "4"]
[White "Pishdad, Hassan"]
[Black "Kornmann, Maxim"]
[Result "1/2-1/2"]
[WhiteElo "1338"]
[BlackElo "1686"]
[PlyCount "61"]
[GameId "2160767909572672"]
[EventDate "2012.02.07"]
[EventType "tourn"]
[EventRounds "6"]
[EventCountry "CAN"]

1. d4 d5 2. c4 e6 3. e3 Nf6 4. Nc3 Be7 5. Nf3 O-O 6. Bd3 h6 7. O-O b6 8. cxd5 exd5 9. a4 c6 10. b3 a5 11. Re1 Na6 12. e4 Bb4 13. Bd2 dxe4 14. Nxe4 Nd5 15. Bxb4 Naxb4 16. Bc4 Re8 17. Nfd2 Kh8 18. f3 f5 19. Bxd5 cxd5 20. Nf2 Rxe1+ 21. Qxe1 Nc2 22. Qc1 Nxa1 23. Qxa1 Be6 24. Nd3 Qc7 25. Qe1 Bg8 26. Ne5 Qc3 27. Qf2 Rc8 28. f4 Qb2 29. h3 Rc1+ 30. Kh2 Rc3 31. Ng6+ 1/2-1/2

[Event "Willowdale CC ch Reserve"]
[Site "Toronto CAN"]
[Date "2012.03.06"]
[Round "5"]
[White "Kormendi, Fred"]
[Black "Pishdad, Hassan"]
[Result "1/2-1/2"]
[WhiteElo "1543"]
[BlackElo "1338"]
[PlyCount "68"]
[GameId "2160767909572673"]
[EventDate "2012.02.07"]
[EventType "tourn"]
[EventRounds "6"]
[EventCountry "CAN"]
[SourceTitle "EXT 2022"]
[Source "ChessBase"]
[SourceDate "2021.10.06"]
[SourceVersion "1"]
[SourceVersionDate "2021.10.06"]
[SourceQuality "1"]

1. e4 c5 2. Nf3 Nc6 3. Nc3 e6 4. d3 h6 5. b3 d5 6. exd5 exd5 7. Be2 Nf6 8. O-O Bd6 9. h3 O-O 10. Nb5 d4 11. Nxd6 Qxd6 12. Nh2 Be6 13. f4 Nd5 14. Bd2 f5 15. Bf3 Rab8 16. Bxd5 Bxd5 17. Nf3 Rfe8 18. a3 Re7 19. Re1 Rxe1+ 20. Nxe1 Ne7 21. Qe2 Ng6 22. g3 Bc6 23. Nf3 Qd5 24. Kg2 Re8 25. Qf2 h5 26. h4 Re7 27. Rf1 Qd8 28. Re1 Qd5 29. Rf1 Qd7 30. Kh2 Qe8 31. Re1 a6 32. Rxe7 Nxe7 33. Ne5 Nd5 34. Qe1 Qe6 1/2-1/2

[Event "Willowdale CC ch Reserve"]
[Site "Toronto CAN"]
[Date "2012.03.06"]
[Round "5"]
[White "Kornmann, Maxim"]
[Black "Stein, Mickey"]
[Result "0-1"]
[WhiteElo "1686"]
[BlackElo "1957"]
[PlyCount "92"]
[GameId "2160767909572674"]
[EventDate "2012.02.07"]
[EventType "tourn"]
[EventRounds "6"]
[EventCountry "CAN"]

1. e4 e5 2. Nf3 Nc6 3. Bc4 Bc5 4. Nc3 Nf6 5. a3 d6 6. h3 a6 7. d3 O-O 8. O-O Ne7 9. Bd2 Ng6 10. Ne2 Be6 11. Ba2 Qd7 12. Ng5 Bxa2 13. Rxa2 d5 14. b4 Bb6 15. exd5 Qxd5 16. Ra1 Rad8 17. Be3 Bd4 18. Rb1 b5 19. Bxd4 exd4 20. Nf3 c5 21. Re1 Rfe8 22. bxc5 Qxc5 23. Rb4 a5 24. Rxd4 Qxa3 25. Rxd8 Rxd8 26. Qa1 Qxa1 27. Rxa1 a4 28. Ned4 Rb8 29. Nc6 Rb6 30. Nfd4 Nd5 31. c4 bxc4 32. Rxa4 cxd3 33. Ra8+ Nf8 34. Ra2 g6 35. Ne5 Nf4 36. Rd2 Rd6 37. Ndf3 f6 38. Nc4 Rd7 39. Kh2 N8e6 40. g3 Ne2 41. Nb2 Nc5 42. Kg2 Nc1 43. Kf1 Ne4 44. Rd1 d2 45. Nc4 Nb3 46. Ke2 Nc3+ 0-1

[Event "Willowdale CC ch Reserve"]
[Site "Toronto CAN"]
[Date "2012.03.13"]
[Round "6"]
[White "Kormendi, Fred"]
[Black "Kornmann, Maxim"]
[Result "0-1"]
[WhiteElo "1543"]
[BlackElo "1686"]
[PlyCount "68"]
[GameId "2160767909572675"]
[EventDate "2012.02.07"]
[EventType "tourn"]
[EventRounds "6"]
[EventCountry "CAN"]

1. e4 e5 2. Nf3 d6 3. Bb5+ c6 4. Bc4 Be7 5. Nc3 Nf6 6. d3 O-O 7. h3 a5 8. a3 b5 9. Ba2 h6 10. Nh2 Nbd7 11. f4 Nh7 12. Nf3 Bh4+ 13. Ke2 exf4 14. Bxf4 Bf6 15. Qd2 Nc5 16. b4 Na4 17. e5 dxe5 18. Nxe5 Qd4 19. Nxa4 Bxe5 20. Be3 Qd8 21. d4 Bf6 22. Nc5 Re8 23. c3 axb4 24. axb4 Ra7 25. Kd1 Rae7 26. Re1 Bh4 27. Re2 Qc7 28. Kc2 Bf5+ 29. Kb2 Nf6 30. Rf1 Bg6 31. Bf4 Rxe2 32. Bxc7 Rxd2+ 33. Kb3 Ree2 34. Rb1 Rxa2 0-1

[Event "Willowdale CC ch Reserve"]
[Site "Toronto CAN"]
[Date "2012.03.13"]
[Round "6"]
[White "Pishdad, Hassan"]
[Black "Stein, Mickey"]
[Result "0-1"]
[WhiteElo "1338"]
[BlackElo "1957"]
[PlyCount "66"]
[GameId "2160767909572676"]
[EventDate "2012.02.07"]
[EventType "tourn"]
[EventRounds "6"]
[EventCountry "CAN"]
[SourceTitle "EXT 2022"]
[Source "ChessBase"]
[SourceDate "2021.10.06"]
[SourceVersion "1"]
[SourceVersionDate "2021.10.06"]
[SourceQuality "1"]

1. d4 Nf6 2. c4 g6 3. Nc3 d5 4. e3 Bg7 5. cxd5 Nxd5 6. Bc4 Nxc3 7. bxc3 O-O 8. Ne2 c5 9. O-O Nc6 10. Ba3 cxd4 11. cxd4 Qa5 12. Bb2 Qg5 13. f4 Qg4 14. Bd5 Qd7 15. Nc3 a6 16. a4 b6 17. Qb3 Rb8 18. Ba3 Bb7 19. Qxb6 Nxd4 20. exd4 Bxd5 21. Qc5 Bb3 22. d5 Rfc8 23. Qxe7 Qxe7 24. Bxe7 Bd4+ 25. Kh1 Bxc3 26. Rac1 Bxd5 27. Bd6 Ra8 28. Rfd1 Be6 29. h3 h5 30. Rd3 Bg7 31. Rxc8+ Rxc8 32. Be5 Bxe5 33. fxe5 Rc4 0-1

[Event "Winnipeg TNT April op"]
[Site "Winnipeg CAN"]
[Date "2012.04.03"]
[Round "1"]
[White "Bince, Rolando"]
[Black "Wolchock, Theo"]
[Result "1-0"]
[WhiteElo "2126"]
[BlackElo "1771"]
[PlyCount "106"]
[GameId "2160767909509920"]
[EventDate "2012.04.03"]
[EventType "swiss"]
[EventRounds "4"]
[EventCountry "CAN"]
[SourceTitle "EXT 2022"]
[Source "ChessBase"]
[SourceDate "2021.10.06"]
[SourceVersion "1"]
[SourceVersionDate "2021.10.06"]
[SourceQuality "1"]

1. e4 c5 2. Nf3 e6 3. d4 d5 4. dxc5 Bxc5 5. Bb5+ Nc6 6. O-O Nge7 7. Bg5 O-O 8. Bxc6 bxc6 9. e5 Qb6 10. Nc3 Ba6 11. Na4 Qa5 12. Nxc5 Qxc5 13. Re1 Rab8 14. Rb1 Nc8 15. Qd2 Qb6 16. b4 Qc7 17. Qd4 Ne7 18. g4 Ng6 19. h4 h6 20. h5 Nxe5 21. Qxe5 Qxe5 22. Nxe5 hxg5 23. Nd7 Rfd8 24. Nxb8 Rxb8 25. a4 Kf8 26. f3 Ke7 27. Kf2 Kd6 28. Rh1 Ke5 29. h6 gxh6 30. Rxh6 Kd4 31. Rh7 Rb7 32. f4 gxf4 33. Rh3 e5 34. Rh6 e4 35. Rxc6 Bc4 36. Rd1+ Kc3 37. Rxd5 Rxb4 38. Ra5 e3+ 39. Kf3 e2 40. Rxc4+ Rxc4 41. Kxe2 Kb4 42. Rxa7 Rxc2+ 43. Kf3 Rc4 44. Rxf7 Kxa4 45. Rxf4 Rxf4+ 46. Kxf4 Kb5 47. Kf5 Kc6 48. Kf6 Kd7 49. Kf7 Kd6 50. g5 Ke5 51. g6 Kf5 52. g7 Ke5 53. g8=Q Kd5 1-0

[Event "Winnipeg TNT April op"]
[Site "Winnipeg CAN"]
[Date "2012.04.03"]
[Round "1"]
[White "Campbell, Jamie"]
[Black "Repa, Jason"]
[Result "0-1"]
[WhiteElo "1572"]
[BlackElo "1999"]
[PlyCount "56"]
[GameId "2160767909509921"]
[EventDate "2012.04.03"]
[EventType "swiss"]
[EventRounds "4"]
[EventCountry "CAN"]
[SourceTitle "EXT 2022"]
[Source "ChessBase"]
[SourceDate "2021.10.06"]
[SourceVersion "1"]
[SourceVersionDate "2021.10.06"]
[SourceQuality "1"]

1. g3 d5 2. c4 e6 3. Nf3 Nf6 4. b3 c6 5. Bg2 Nbd7 6. Bb2 Bd6 7. d4 Ne4 8. O-O O-O 9. c5 Be7 10. Nbd2 f5 11. Ne1 Bf6 12. Ndf3 Qe7 13. Nd3 g5 14. b4 g4 15. Nfe5 Nxe5 16. dxe5 Bg5 17. Nf4 Bxf4 18. gxf4 Qh4 19. f3 g3 20. h3 Nf2 21. Rxf2 gxf2+ 22. Kf1 Kh8 23. Qd4 Rg8 24. e4 Bd7 25. exf5 Rxg2 26. Kxg2 Rg8+ 27. Kf1 Rg1+ 28. Ke2 Re1+ 0-1

[Event "Winnipeg TNT April op"]
[Site "Winnipeg CAN"]
[Date "2012.04.03"]
[Round "1"]
[White "Einarsson, Ken"]
[Black "Mundwiler, Les"]
[Result "0-1"]
[WhiteElo "1739"]
[BlackElo "2085"]
[PlyCount "58"]
[GameId "2160767909509922"]
[EventDate "2012.04.03"]
[EventType "swiss"]
[EventRounds "4"]
[EventCountry "CAN"]
[SourceTitle "EXT 2022"]
[Source "ChessBase"]
[SourceDate "2021.10.06"]
[SourceVersion "1"]
[SourceVersionDate "2021.10.06"]
[SourceQuality "1"]

1. d4 Nf6 2. c4 d6 3. Nc3 Nbd7 4. e4 e5 5. d5 c5 6. Nf3 h6 7. Be2 Be7 8. O-O Nh7 9. a3 Bg5 10. Bxg5 hxg5 11. Qc1 g4 12. Ne1 Qh4 13. g3 Qh5 14. h4 Ndf6 15. Kg2 g5 16. Rh1 Qg6 17. Qe3 Nh5 18. Bd3 gxh4 19. Rxh4 Ng5 20. Ne2 Nh3 21. Kh2 Bd7 22. b4 b6 23. bxc5 dxc5 24. f4 f6 25. f5 Qg5 26. Nc2 N3f4 27. Rf1 Nxd3 28. Qxd3 O-O-O 29. Ne3 Nxg3 0-1

[Event "Winnipeg TNT April op"]
[Site "Winnipeg CAN"]
[Date "2012.04.03"]
[Round "1"]
[White "Green, Aaron"]
[Black "Baron, Cody"]
[Result "1-0"]
[WhiteElo "1988"]
[BlackElo "1479"]
[PlyCount "78"]
[GameId "2160767909509923"]
[EventDate "2012.04.03"]
[EventType "swiss"]
[EventRounds "4"]
[EventCountry "CAN"]
[SourceTitle "EXT 2022"]
[Source "ChessBase"]
[SourceDate "2021.10.06"]
[SourceVersion "1"]
[SourceVersionDate "2021.10.06"]
[SourceQuality "1"]

1. e4 e6 2. d4 d5 3. Nd2 Nf6 4. e5 Nfd7 5. f4 c5 6. c3 Nc6 7. Ngf3 Qb6 8. Nb3 cxd4 9. Nbxd4 Bc5 10. Be2 O-O 11. O-O f6 12. exf6 Nxf6 13. h3 Qc7 14. g3 Bd7 15. Kg2 Qc8 16. Rh1 Ne7 17. Ne5 Be8 18. Bf3 Ng6 19. Re1 Nxe5 20. Rxe5 Bd7 21. Re1 Re8 22. Nb3 Bb6 23. Be3 Bxe3 24. Rxe3 Qc7 25. Qe2 Qb6 26. Nd4 a6 27. Re1 Ne4 28. Bxe4 dxe4 29. Rxe4 Rac8 30. Kh2 Qa5 31. a3 Qb6 32. Nxe6 Re7 33. f5 Bb5 34. Qc2 a5 35. Nd4 Rd7 36. Qb3+ Kf8 37. Qxb5 Qxb5 38. Nxb5 Rd2+ 39. R4e2 Rd5 1-0

[Event "Winnipeg TNT April op"]
[Site "Winnipeg CAN"]
[Date "2012.04.03"]
[Round "1"]
[White "Green, Jim"]
[Black "Babb, Jeff"]
[Result "0-1"]
[WhiteElo "1791"]
[BlackElo "2208"]
[PlyCount "123"]
[GameId "2160767909509924"]
[EventDate "2012.04.03"]
[EventType "swiss"]
[EventRounds "4"]
[EventCountry "CAN"]
[SourceTitle "EXT 2022"]
[Source "ChessBase"]
[SourceDate "2021.10.06"]
[SourceVersion "1"]
[SourceVersionDate "2021.10.06"]
[SourceQuality "1"]

1. e4 e5 2. Nf3 Nc6 3. Bb5 Nd4 4. Nxd4 exd4 5. d3 Bc5 6. O-O c6 7. Bc4 d5 8. exd5 cxd5 9. Bb5+ Kf8 10. Ba4 h5 11. Re1 Bg4 12. f3 Be6 13. Bf4 a5 14. Qc1 Qb6 15. a3 Ne7 16. Nd2 Qa6 17. Nf1 b5 18. Bb3 a4 19. Ba2 Rc8 20. Kh1 h4 21. Bg5 Nf5 22. Bf4 f6 23. g4 hxg3 24. Nxg3 Nh4 25. Qd1 g5 26. Bd2 Qd6 27. Rg1 Rc7 28. Nf1 Rch7 29. Qe2 Nxf3 30. Rg2 Nh4 31. Rf2 Nf5 32. Rg2 Rh3 33. Kg1 Kf7 34. Re1 Re8 35. Qd1 Kg6 36. Qc1 Nh4 37. Bf4 Qd7 38. Bg3 Nxg2 39. Kxg2 Rh7 40. b4 Bd6 41. c4 dxc4 42. dxc4 bxc4 43. Kg1 Bxg3 44. Nxg3 Rc8 45. Qd1 Bg4 46. Qd2 Qa7 47. Ne4 Qb6 48. Nc5 Rxc5 49. bxc5 Qxc5 50. Qf2 Rc7 51. Rc1 Be6 52. Kf1 Qxa3 53. Bb1+ Kg7 54. Qd2 Bh3+ 55. Kg1 Qe3+ 56. Qf2 c3 57. Qxe3 dxe3 58. Bc2 a3 59. Ra1 Re7 60. Rxa3 e2 61. Ra1 e1=Q+ 62. Rxe1 0-1

[Event "Winnipeg TNT April op"]
[Site "Winnipeg CAN"]
[Date "2012.04.03"]
[Round "1"]
[White "Kernetsky, Myron"]
[Black "Milward, David"]
[Result "1-0"]
[WhiteElo "2036"]
[BlackElo "1717"]
[PlyCount "67"]
[GameId "2160767909509925"]
[EventDate "2012.04.03"]
[EventType "swiss"]
[EventRounds "4"]
[EventCountry "CAN"]

1. d4 Nf6 2. c4 g6 3. Nc3 Bg7 4. e4 d6 5. Nf3 O-O 6. h3 c5 7. d5 e6 8. Bd3 exd5 9. cxd5 a6 10. a4 Qc7 11. O-O Nbd7 12. Bf4 Re8 13. Re1 c4 14. Bc2 Qc5 15. Qd2 b6 16. Be3 Qc7 17. Bd4 Bb7 18. Re2 Rad8 19. Rd1 Nc5 20. Qe1 Nb3 21. Bxb3 cxb3 22. Rc1 Rc8 23. Rd1 Nd7 24. Bxg7 Kxg7 25. Qd2 Qc4 26. Qf4 Ne5 27. Red2 b5 28. axb5 axb5 29. Nd4 Ba6 30. Qg3 b4 31. Nf5+ Kh8 32. Nxd6 Qc5 33. Nxe8 bxc3 34. Qxe5+ 1-0